|
|
|
|
| LEADER |
00000ngm a22000007ic4500 |
| 001 |
IT\ICCU\UBO\3432751 |
| 003 |
ItRI |
| 005 |
20260124182924.0 |
| 008 |
080605s2006 it |||||||||||||||k|||||c |
| 040 |
|
|
|b ita
|
| 041 |
|
7 |
|a ita
|2 ISO-639-2
|
| 245 |
0 |
0 |
|a Sex and the city.
|
| 300 |
|
|
|a 1 DVD (153 min.) :
|b col., son.
|
| 773 |
0 |
|
|w IT\ICCU\UBO\3432741
|t Sex and the city
|g 2
|
| 942 |
|
|
|2 ddc
|c VM
|n 0
|
| 952 |
|
|
|0 0
|1 0
|4 0
|6 VO_1975_000000000000000
|7 0
|9 28102
|a BO
|b BO
|d 2026-01-24
|i 16170
|l 0
|o VO 1975
|p BO16170
|r 2026-01-24 18:29:24
|w 2026-01-24
|x [Sebina 5] [dvd 1-3]
|y VM
|z dvd 2
|
| 981 |
|
1 |
|6 z01
|a b
|b xa2e
|
| 982 |
|
1 |
|6 z01
|a g
|
| 999 |
|
|
|c 23819
|d 23819
|